| 000 | 01250nam0a22002771 4500 | ||
|---|---|---|---|
| 001 | rc\1158877 | ||
| 005 | 20260406183522.0 | ||
| 035 | _a(NLR Aleph) 006403479 | ||
| 090 |
_a5270689 _c5270689 |
||
| 100 | _a20041129d1980 |||y0rusy50 ca | ||
| 101 | 0 | _arus | |
| 102 | _aRU | ||
| 105 | _aa ||||||||| | ||
| 200 | 1 |
_aПрикладные методы исследования управляемых механических систем _f[Г.Л. Мадатов, В.Н. Шичанин, В.В. Горбунцов и др. _gОтв. ред. Г.Л. Мадатов] |
|
| 210 |
_aКиев _cНаукова думка _d1980 |
||
| 215 |
_a190 с. _cил. _d20 |
||
| 300 | _aАвт. указаны на обороте тит. л. | ||
| 300 | _aВ надзаг.: АН УССР, Отд-ние математики, механики и кибернетики | ||
| 320 | _aБиблиогр.: с. 185-188 (57 назв.) | ||
| 701 | 1 |
_aМадатов _bГ.Л. _gГарегин Леванович |
|
| 712 | 0 | 2 |
_aАН УССР _cКиев _bОтделение математики, механики кибернетики _3RU\NLR\AUTH\889948687 _9392993 |
| 801 | 0 |
_aRU _bNLR _gpsbo |
|
| 801 | 1 |
_aRU _bELAR _2rusmarc |
|
| 852 |
_aNLR _j80-3/10776 |
||
| 942 | _cBOOK | ||
| 980 | _aNB | ||